La ley del seguro
Guardado en:
| Autor principal: | |
|---|---|
| Formato: | Libro |
| Lenguaje: | español |
| Publicado: |
Santiago
Legal Publishing
2014
|
| Edición: | 2a. ed |
| Colección: | Colección Tratados y Manuales
|
| Materias: | |
| Etiquetas: |
Agregar Etiqueta
Sin Etiquetas, Sea el primero en etiquetar este registro!
|
MARC
| LEADER | 00000cam a2200000 a 4500 | ||
|---|---|---|---|
| 001 | UCD9593 | ||
| 003 | CL-VaPUC | ||
| 008 | 170630e20140000cl |||||||||||||||||spa|d | ||
| 020 | |a 9789563465709 | ||
| 082 | 0 | 4 | |a 346.83086 |b ARE |2 21 |
| 100 | 0 | |a Arellano Iturriaga, Sergio |e author |9 593269 | |
| 245 | 1 | 3 | |a La ley del seguro |
| 250 | |a 2a. ed | ||
| 300 | |a 614 p | ||
| 942 | |c BK | ||
| 945 | |d 20170630 21:31:00 |a dcastane | ||
| 260 | |a Santiago |b Legal Publishing |c 2014 | ||
| 600 | 0 | 7 | |a SUPERINTENDENCIA DE VALORES Y SEGUROS |2 CL-VaPUC |9 434457 |
| 650 | 7 | |a SEGUROS |2 CL-VaPUC |9 593270 | |
| 650 | 0 | |a Derecho comercial chileno |9 430902 | |
| 583 | |a last modification |c 20170630 21:31:00 |k Rodrigo Vera | ||
| 490 | 0 | |a Colección Tratados y Manuales | |
| 999 | |c 368694 |d 368692 | ||
| 952 | |0 0 |1 0 |3 erb |4 0 |6 346_830860000000000_ARE_2014 |7 0 |8 A |9 484098 |a BIBDER |b BIBDER |i 5401925 |l 8 |m 3 |o 346.83086 ARE 2014 |p 5401925 |r 2025-04-01 |s 2025-04-01 |w 2019-11-24 |y BK |z Catalogado en:20170630 |k DER | ||